| 000 | 00412cam a2200169ua 4500 | ||
|---|---|---|---|
| 020 | _c25s.net | ||
| 041 |
_aeng _h |
||
| 082 |
_a828.09 _bMAN/WR |
||
| 100 | _aMander, John . | ||
| 245 |
_aWriter and commitment / _cJohn mander. _hTextual Documents |
||
| 260 |
_aLondon : _bSecker & Warburg , _c1961. |
||
| 300 | _a215 ; . | ||
| 365 | _a25s.net | ||
| 504 | _a | ||
| 942 | _cBK | ||
| 999 |
_c11676 _d11676 |
||